Ghana all time starting xi - Statistics

General Stats
  • This quiz has been taken 57 times
  • The average score is 6 of 11
Answer Stats
Hint Answer % Correct
MF(2002-2014 Michael Essien
85%
MF(2007-2024 André Ayew
81%
FW(2010- Jordan Ayew
81%
FW(2003-2019 Asamoah Gyan
75%
MF(2002-2014 Sulley Muntari
58%
DF(2008-2019 Kwadwo Asamoah
56%
FW(1982-1998 Abédi Pelé
48%
DF(2001-2014 John Mensah
35%
GK(1996-2012 Richard Kingson
23%
DF(2008-2018 Harrison Afful
10%
DF(2001-2013 John Paintsil
4%
No matching quizzes found
Score Distribution
Percent of People with Each Score
Percentile by Number Answered
Your Score History
You have not taken this quiz